<?xml version="1.0" encoding="UTF-8"?>
<collection xmlns="http://www.loc.gov/MARC21/slim">
 <record>
  <leader>01903pmm a22003018a 4500</leader>
  <controlfield tag="001">00030306</controlfield>
  <controlfield tag="005">20171026081022.0</controlfield>
  <controlfield tag="008">130111s2008                  ||||||engsd</controlfield>
  <datafield tag="020" ind1="#" ind2="#">
   <subfield code="a">9780521692847</subfield>
  </datafield>
  <datafield tag="041" ind1="0" ind2="#">
   <subfield code="a">eng</subfield>
  </datafield>
  <datafield tag="082" ind1="1" ind2="4">
   <subfield code="a">428</subfield>
   <subfield code="b">L207S</subfield>
  </datafield>
  <datafield tag="100" ind1="1" ind2="#">
   <subfield code="a">Jones, Leo</subfield>
  </datafield>
  <datafield tag="245" ind1="1" ind2="0">
   <subfield code="h">nguồn liệu điện tử]</subfield>
   <subfield code="a">Let’s talk 2</subfield>
   <subfield code="b">Student's book. Self study audio CD</subfield>
   <subfield code="c">Leo Jones</subfield>
  </datafield>
  <datafield tag="250" ind1="#" ind2="#">
   <subfield code="a">2nd ed</subfield>
  </datafield>
  <datafield tag="260" ind1="#" ind2="#">
   <subfield code="a"> New York</subfield>
   <subfield code="b">Cambridge University Press</subfield>
   <subfield code="c">2008</subfield>
  </datafield>
  <datafield tag="300" ind1="#" ind2="#">
   <subfield code="a">1 CD</subfield>
   <subfield code="c">4 3/4 in.</subfield>
  </datafield>
  <datafield tag="653" ind1="#" ind2="#">
   <subfield code="a">Anh ngữ thực hành</subfield>
  </datafield>
  <datafield tag="653" ind1="#" ind2="#">
   <subfield code="a">Ngữ pháp</subfield>
  </datafield>
  <datafield tag="653" ind1="#" ind2="#">
   <subfield code="a">Đĩa CD</subfield>
  </datafield>
  <datafield tag="653" ind1="#" ind2="#">
   <subfield code="a">Từ vựng</subfield>
  </datafield>
  <datafield tag="653" ind1="#" ind2="#">
   <subfield code="a">Tiếng Anh</subfield>
  </datafield>
  <datafield tag="852" ind1="#" ind2="#">
   <subfield code="j">DPT.0001478</subfield>
   <subfield code="j">DPT.0001479</subfield>
   <subfield code="j">DPT.0001481</subfield>
   <subfield code="j">DPT.0001482</subfield>
   <subfield code="j">DPT.0001486</subfield>
   <subfield code="j">DPT.0001487</subfield>
   <subfield code="j">DPT.0001489</subfield>
   <subfield code="j">DPT.0001490</subfield>
   <subfield code="j">DPT.0001494</subfield>
   <subfield code="j">DPT.0001495</subfield>
   <subfield code="j">DPT.0001497</subfield>
   <subfield code="j">DPT.0001498</subfield>
   <subfield code="j">DPT.0001501</subfield>
   <subfield code="j">DPT.0001504</subfield>
   <subfield code="j">DPT.0001505</subfield>
   <subfield code="j">DPT.0001506</subfield>
   <subfield code="j">DPT.0001508</subfield>
   <subfield code="j">DPT.0001509</subfield>
   <subfield code="j">DPT.0001513</subfield>
   <subfield code="j">DPT.0001514</subfield>
   <subfield code="j">DPT.0000311</subfield>
   <subfield code="j">DPT.0001483</subfield>
   <subfield code="j">DPT.0001484</subfield>
   <subfield code="j">DPT.0001492</subfield>
   <subfield code="j">DPT.0001493</subfield>
   <subfield code="j">DPT.0001502</subfield>
   <subfield code="j">DPT.0001503</subfield>
   <subfield code="j">DPT.0001511</subfield>
   <subfield code="j">DPT.0001512</subfield>
   <subfield code="j">DPT.0001477</subfield>
   <subfield code="j">DPT.0001480</subfield>
   <subfield code="j">DPT.0001485</subfield>
   <subfield code="j">DPT.0001488</subfield>
   <subfield code="j">DPT.0001491</subfield>
   <subfield code="j">DPT.0001496</subfield>
   <subfield code="j">DPT.0001499</subfield>
   <subfield code="j">DPT.0001500</subfield>
   <subfield code="j">DPT.0001507</subfield>
   <subfield code="j">DPT.0001510</subfield>
   <subfield code="j">DPT.0001515</subfield>
  </datafield>
  <datafield tag="852" ind1="#" ind2="#">
   <subfield code="j">DPT.0000311, DPT.0001477, DPT.0001478, DPT.0001479, DPT.0001480, DPT.0001481, DPT.0001482, DPT.0001483, DPT.0001484, DPT.0001485, DPT.0001486, DPT.0001487, DPT.0001488, DPT.0001489, DPT.0001490, DPT.0001491, DPT.0001492, DPT.0001493, DPT.0001494, DPT.0001495, DPT.0001496, DPT.0001497, DPT.0001498, DPT.0001499, DPT.0001500, DPT.0001501, DPT.0001502, DPT.0001503, DPT.0001504, DPT.0001505, DPT.0001506, DPT.0001507, DPT.0001508, DPT.0001509, DPT.0001510, DPT.0001511, DPT.0001512, DPT.0001513, DPT.0001514, DPT.0001515</subfield>
   <subfield code="b">Kho đa phương tiện</subfield>
  </datafield>
  <datafield tag="910" ind1=" " ind2=" ">
   <subfield code="d">11/01/2013</subfield>
  </datafield>
  <datafield tag="980" ind1="#" ind2="#">
   <subfield code="a">Trung tâm Học liệu Lê Vũ Hùng, Trường Đại học Đồng Tháp</subfield>
  </datafield>
 </record>
</collection>
